Parisiana

Guardat en:
Dades bibliogràfiques
Autor principal: Darío, Rubén (Autor)
Format: Llibre
Idioma:espanyol
Publicat: Madrid Mundo Latino 1917
Matèries:
Etiquetes: Afegir etiqueta
Sense etiquetes, Sigues el primer a etiquetar aquest registre!

MARC

LEADER 00000cam a2200000 a 4500
001 UCF1375
003 CL-VaPUC
008 120629e19170000SP |||||||||||||||||spa|d
082 0 4 |a Ni861  |b DAR  |2 21 
100 0 |a Darío, Rubén  |e author  |9 268402 
245 1 0 |a Parisiana 
300 |a 220 p 
942 |c BK 
945 |d 20120629 00:00:00  |a dcastane 
260 |a Madrid  |b Mundo Latino  |c 1917 
650 7 |a POESIAS NICARAGUENSES  |2 CL-VaPUC  |9 266965 
650 7 |a LITERATURA NICARAGUENSE  |2 CL-VaPUC  |9 325734 
583 |a last modification  |c 20120629 12:35:00  |k Rodrigo Vera 
999 |c 348183  |d 348181 
952 |0 0  |1 0  |4 0  |6 NI_861_000000000000000_DAR_1917  |7 0  |8 X  |9 450103  |a FDOBUD  |b FDOBUD  |d 2019-11-22  |i 4794885  |o Ni861 DAR 1917  |p 4794885  |r 2019-11-22  |w 2019-11-22  |y BK_X  |k BUD